000 00340 a2200157 4500
001 59915
020 _a9783440115688
040 _cAnchieta - Pituba
100 _aErlhoff, Kari
240 1 0 _aTödliches eis
_lpor
245 1 0 _aTödliches eis
300 _a128
362 0 _a2008
650 4 _aLiteratura juvenil em alemão
942 _cBK
999 _c59915
_d59915